Cuestión de Cuba, la abolición de la esclavitud / (Record no. 193294)

MARC details
000 -LEADER
campo de control de longitud fija 01647cam a22004215i 4500
001 - NÚMERO DE CONTROL
campo de control 193294
003 - IDENTIFICADOR DE NÚMERO DE CONTROL
campo de control SpMaBN
005 - FECHA Y HORA DE LA ÚLTIMA TRANSACCIÓN
campo de control 20250628063523.0
007 - CAMPO FIJO DE DESCRIPCIÓN FÍSICA--INFORMACIÓN GENERAL
campo de control de longitud fija ta
008 - DATOS DE LONGITUD FIJA--INFORMACIÓN GENERAL
campo de control de longitud fija 940111s1993 sp | |||| ||spa
016 7# - NÚMERO DE CONTROL DE UNA AGENCIA BIBLIOGRÁFICA NACIONAL
Número de control del registro bimoBNE19940005915
Fuente SpMaBN
017 ## - NÚMERO DE COPYRIGHT O DE DEPÓSITO LEGAL
Número de copyright o de depósito legal M 29288-1993
Agencia que asigna Oficina Depósito Legal Madrid
020 ## - NÚMERO INTERNACIONAL ESTÁNDAR DEL LIBRO
Número Internacional Estándar del Libro 8486189411
035 ## - NÚMERO DE CONTROL DEL SISTEMA
Número de control de sistema (OCoLC)433996970
035 ## - NÚMERO DE CONTROL DEL SISTEMA
Número de control de sistema bimo0000390888
040 ## - FUENTE DE CATALOGACIÓN
Centro catalogador/agencia de origen SpMaBN
Lengua de catalogación spa
Centro/agencia transcriptor SpMaBN
Normas de descripción rdc
080 ## - NÚMERO DE LA CLASIFICACIÓN DECIMAL UNIVERSAL
Número de la Clasificación Decimal Universal 326(729.1)"18"
100 1# - ENTRADA PRINCIPAL--NOMBRE DE PERSONA
Nombre de persona Barón Fortacín, M.
Número de control del registro de autoridad o número normalizado XX1117461
9 (RLIN) 234424
Término indicativo de función/relación Autor
245 10 - MENCIÓN DEL TÍTULO
Título Cuestión de Cuba, la abolición de la esclavitud /
Mención de responsabilidad, etc. por M. Barón Fortacín
250 ## - MENCION DE EDICION
Mención de edición Facsímil de la primera edición impresa en Madrid en el año 1879 /
Resto de la mención de edición precedido por una introducción de Enrique Barón Crespo
260 ## - PUBLICACIÓN, DISTRIBUCIÓN, ETC.
Lugar de publicación, distribución, etc. Madrid :
Nombre del editor, distribuidor, etc. Universidad Politécnica de Madrid,
Fecha de publicación, distribución, etc. 1993
300 ## - DESCRIPCIÓN FÍSICA
Extensión VII, 52 páginas ;
Dimensiones 21 cm
336 ## - TIPO DE CONTENIDO
Fuente rdacontent
Término de tipo de contenido Texto
337 ## - TIPO DE MEDIO
Fuente rdamedia
Nombre/término del tipo de medio sin mediación
338 ## - TIPO DE SOPORTE
Fuente rdacarrier
Nombre/término del tipo de soporte volumen
534 ## - NOTA SOBRE LA VERSIÓN ORIGINAL
Frase introductoria Reprod. de la ed. de:
Publicación, distribución, etc. del original Madrid, Imp. de J.M. Pérez, 1879
650 #7 - PUNTO DE ACCESO ADICIONAL DE MATERIA--TÉRMINO DE MATERIA
Término de materia o nombre geográfico como elemento de entrada Esclavitud-
Subdivisión geográfica Cuba
9 (RLIN) 138905
650 #7 - PUNTO DE ACCESO ADICIONAL DE MATERIA--TÉRMINO DE MATERIA
Término de materia o nombre geográfico como elemento de entrada Movimientos antiesclavistas
9 (RLIN) 136549
700 1# - ENTRADA AGREGADA--NOMBRE PERSONAL
Nombre de persona Barón, Enrique,
Fechas asociadas al nombre 1944-
Término indicativo de función/relación Autor de introducción
9 (RLIN) 25767
710 2# - ENTRADA AGREGADA--NOMBRE DE ENTIDAD CORPORATIVA
Nombre de entidad corporativa o nombre de jurisdicción como elemento de entrada Universidad Politécnica de Madrid
9 (RLIN) 7435
852 ## - LOCALIZACIÓN
Ubicación ES-MaACL
Sublocalización o colección R. 154698
Ubicación en estantería Depósito J
Donativo/Legado Donación: Enrique Barón
itemnumber 200733
Número de control de estantería N-9472
903 ## - NOMBRE PERSONAL DE DONANTE
a Barón, Enrique,
d 1944-
e Donante
9 25767
942 ## - ELEMENTOS DE ENTRADA SECUNDARIOS (KOHA)
Suprimir en OPAC No
Tipo de ítem Koha Libro impreso
Holdings
Estatus retirado Estado de pérdida Fuente del sistema de clasificación o colocación Estado de daño No para préstamo Biblioteca de origen Biblioteca actual Ubicación en estantería Fecha de adquisición Fuente de adquisición Número de control de estantería Total de préstamos Signatura topográfica completa Código de barras Visto por última vez Tipo de ítem Koha
    Clasificación decimal universal     Biblioteca del Ateneo de Madrid Biblioteca del Ateneo de Madrid Depósito J 30/10/2023 Donación Ateneísta   N-9472 101206022 30/10/2023 Libro impreso